Indian financial system / (Record no. 28258)

MARC details
000 -LEADER
fixed length control field 00844nam a22002414a 4500
005 - DATE AND TIME OF LATEST TRANSACTION
control field 20090714115911.0
008 - FIXED-LENGTH DATA ELEMENTS--GENERAL INFORMATION
fixed length control field 051001s2006 mauabf b 001 0 eng
010 ## - LCCN (DPL NO)
LC control number ENG-94415
020 ## - INTERNATIONAL STANDARD BOOK NUMBER
International Standard Book Number 007008049
Terms of availability 450.00
020 ## - INTERNATIONAL STANDARD BOOK NUMBER
International Standard Book Number 978007008042
Terms of availability 450.00
035 ## - SYSTEM CONTROL NUMBER
System control number EN-77948
037 ## - SOURCE OF ACQUISITION
Source of stock number/acquisition DBAD / PUB
040 ## - CATALOGING SOURCE
Original cataloging agency dpl
Language of cataloging English
082 ## - DEWEY DECIMAL CLASSIFICATION NUMBER
Classification number 336.54
100 ## - MAIN ENTRY--PERSONAL NAME
Personal name Khan, M.Y.
245 ## - TITLE STATEMENT
Title Indian financial system /
Statement of responsibility, etc by M.Y. Khan
250 ## - EDITION STATEMENT
Edition statement 6th ed.
260 ## - PUBLICATION, DISTRIBUTION, ETC. (IMPRINT)
Place of publication, distribution, etc New Delhi
Name of publisher, distributor, etc Tata McGraw-Hill Publishing
Date of publication, distribution, etc 2009
270 ## - ADDRESS
Address 7 West Patel Nagar
City New Delhi
Postal code 110008
300 ## - PHYSICAL DESCRIPTION
Extent Various pagings
Dimensions 24cm(pbk)
942 ## - ADDED ENTRY ELEMENTS (KOHA)
Source of classification or shelving scheme Dewey Decimal Classification
Item type English Books
Call number suffix KHA
Classification part 336.54
Holdings
Withdrawn status Lost status Source of classification or shelving scheme Damaged status Not for loan Collection code Home library Current library Date acquired Source of acquisition Cost, normal purchase price Total Checkouts Full call number Barcode Date last seen Copy number Cost, replacement price Koha item type
    Dewey Decimal Classification   Not For Loan Non-fiction D.B.Act.Division D.B.Act.Division 14/07/2009 DBAD / PUB 450.00   336.54 KHA EN-77948 14/07/2009 1 450.00 English Books

© Delhi Public Library
Hit Counter
free hit counter